Statistics for Do You Even Know Anything About Shakespeare?

Click here to take the quiz!

General Stats

  • This quiz has been taken 12,269 times
  • The average score is 12 of 15

Answer Stats

QuestionAnswer% Correct
In what London theatre were many of Shakespeare's plays originally performed?The Globe
92%
Where was Shakespeare born?Stratford-upon-Avon
91%
How old was Juliet in "Romeo and Juliet"?13
88%
What prop does Hamlet hold when he says "Alas, poor Yorick!"a Skull
87%
Which of these is the title of an actual Shakespeare play?The Taming of the Shrew
87%
What play's title do actors not dare to utter aloud, for fear of bad luck?Macbeth
84%
Where did "Hamlet" take place?Denmark
84%
By what nickname is William Shakespeare commonly known?The Bard
83%
What would Richard III give his kingdom for?a Horse
72%
Who actually wrote most of Shakespeare's plays?William Shakespeare
71%
What did Shylock demand in "The Merchant of Venice"?A pound of flesh
70%
What is Othello's ethnicity?Moorish
69%
Which of these words does NOT appear in the title of a Shakespeare play?Solitude
69%
What is the name of the sorcerer from "The Tempest"?Prospero
67%
What type of creature is Puck?Fairy
58%

Score Distribution

Percentile by Number Answered

Percent of People with Each Score

Your Score History

You have not taken this quiz